000 00726nam a2200205 4500
005 20251001084558.0
008 251001b |||||||| |||| 00| 0 eng d
020 _a9781984689382
082 _aDC 332.0285 C441 2024
100 _aChing, Lin Yu.
_968264
245 _aArtificial intelligence in finance /
_cLin Yu Ching and 3G E-Learning.
260 _aUSA :
_b3G E-Learning,
_c©2024.
300 _avii, 305 pages :
_billustrations ;
_c25 cm.
521 _aIncludes references and index.
650 0 _aArtificial intelligence
_xFinancial applications.
_968266
650 0 _aFinance
_xData processing.
_968268
650 0 _aFinance
_xTechnological innovation.
_968269
710 _a3G E-Learning.
_968265
942 _2ddc
_cDC
999 _c23919
_d23919